| 000 | 01255nam a2200301 i 4500 | ||
|---|---|---|---|
| 001 | bg | ||
| 100 | 1 |
_aRAMPERSAD, Hubert K. _d(1957- ) |
|
| 245 | 1 | 0 |
_aKompleksowa karta wyników ; jak przekształcić zarządzanie, aby postępując uczciwie osiągać doskonałe wyniki / _cHubert K. Rampersad ; przedm. Dorothy A. Leonard, przekł. Grzegorz Dąbkowski. |
| 246 |
_iTyt. oryg.: _aTotal performance scorecard : reinventing management to achieve performance with integrity |
||
| 260 |
_aWarszawa : _b"PLACET", _c2004. |
||
| 300 |
_a392 s. ; _c24 cm. |
||
| 500 | _aTyt. oryg.: "Total performance scorecard : reinventing management to achieve performance with integrity". | ||
| 504 | _aBibliogr. - Indeks. | ||
| 650 | 9 |
_aPrzedsiębiorstwo _xorganizacja |
|
| 650 | 9 |
_aKomunikacja społeczna _xpsychologia |
|
| 650 | 9 |
_aStosunki interpersonalne _xgospodarka |
|
| 650 | 9 |
_aKadry _xpolityka |
|
| 700 | 1 | _aLEONARD, Hubert K. | |
| 700 | 1 |
_aDĄBKOWSKI, Grzegorz. _eTł. |
|
| 020 | _a8385428852 | ||
| 040 | _cBPK | ||
| 041 | 1 |
_apol _heng |
|
| 080 | _a658.3:316.47:331.101](075.8) | ||
| 920 | _a83-85428-85-2 | ||
| 942 | _cKS | ||
| 008 | s pl f |000 0 pol | ||
| 999 |
_c44524 _d44524 |
||
| 856 |
_uhttp://koha.tu.koszalin.pl/cgi-bin/koha/opac-detail.pl?biblionumber=44524 _yKatalog online BPK |
||